| 000 | 01040nam a2200265 i 4500 | ||
|---|---|---|---|
| 001 | 106575 | ||
| 003 | ES-MaACL | ||
| 005 | 20250811101607.0 | ||
| 007 | t| | ||
| 008 | 061130s1981 sp ||||1| spa d | ||
| 080 | _a75 Galicia, José Luis (083.82) | ||
| 100 | 1 |
_aGalicia, José Luis. _953411 |
|
| 245 | 1 | 0 |
_aGalicia _b: antológica: óleos, acuarelas, dibujos, grabados, esculturas : Ateneo de Madrid, Sala de Santa Catalina, marzo-abril 1981. |
| 260 |
_aMadrid : _bAteneo de Madrid, _c1981. |
||
| 300 |
_a[12] p. : _bil. ; _c26 cm. |
||
| 490 | 1 | _aAteneo de Madrid. Sala de Santa Catalina | |
| 600 | 1 | 4 |
_aGalicia, José Luis- _vExposiciones. _953412 |
| 610 | 2 | 4 |
_aAteneo de Madrid- _vExposiciones- _y1980-1990 _91922 |
| 655 | 7 |
_2tgfbne _9193628 _aCatálogos de exposiciones |
|
| 710 | 2 |
_aAteneo de Madrid. _bSala de Santa Catalina. _91964 |
|
| 830 | 0 | 0 |
_aAteneo de Madrid. _pSala de Santa Catalina _9185232 |
| 852 |
_aES-MaACL _j2209-F-47 _9110628 _bR.138293 _cDEPOF |
||
| 942 |
_2udc _cFOLLETOS |
||
| 999 |
_c106575 _d106575 |
||